Normal view
MARC view
- Shiekh Abdul Rasheed
Entry Personal Name
001 - CONTROL NUMBER
- control field: 14464
003 - CONTROL NUMBER IDENTIFIER
- control field: NUST
005 - DATE AND TIME OF LATEST TRANSACTION
- control field: 20190521070755.0
008 - FIXED-LENGTH DATA ELEMENTS
- fixed length control field: 190521|| aca||aabn | a|a d
040 ## - CATALOGING SOURCE
- Original cataloging agency: NUST
- Transcribing agency: NUST
100 ## - HEADING--PERSONAL NAME
- Personal name: Shiekh Abdul Rasheed
670 ## - SOURCE DATA FOUND
- Source citation: Work cat.: (NUST): Shiekh Abdul Rasheed, Faiz Ahmed Faiz Insani Iqdar Ka Azeem Shair /, 2012.
